| Tag |
First Indicator |
Second Indicator |
Subfields |
| LEADER |
00000cam a2200000 a 4500 |
| 001 |
in00000015477 |
| 005 |
20151007052527.0 |
| 008 |
880127s1987 enk 00000 eng d |
| 010 |
|
|
|a gb 87036242
|
| 015 |
|
|
|a GB87-36242
|
| 020 |
|
|
|a 0856357294 (pbk) :
|c £6.95
|
| 035 |
|
|
|a (OCoLC)16465841
|
| 035 |
|
|
|9 AAA8143AM
|
| 040 |
|
|
|a UKM
|c UKM
|d TXA
|d UtOrBLW
|
| 049 |
|
|
|a TXAM
|c [A12607700]
|
| 050 |
1 |
0 |
|a PR1227
|
| 050 |
|
4 |
|a PR1227
|b .U62 1987
|
| 082 |
0 |
|
|a 821
|2 19
|
| 245 |
0 |
0 |
|a Under another sky :
|b an anthology of Commonwealth Poetry Prize winners /
|c edited and introduced by Alastair Niven ; foreword by James Porter.
|
| 264 |
|
1 |
|a Manchester ;
|a New York :
|b Carcanet,
|c 1987.
|
| 300 |
|
|
|a 103 pages ;
|c 22 cm.
|
| 336 |
|
|
|a text
|b txt
|2 rdacontent
|
| 337 |
|
|
|a unmediated
|b n
|2 rdamedia
|
| 338 |
|
|
|a volume
|b nc
|2 rdacarrier
|
| 650 |
|
0 |
|a English poetry
|y 20th century.
|
| 650 |
|
0 |
|a Commonwealth poetry (English)
|
| 700 |
1 |
|
|a Niven, Alastair.
|
| 999 |
|
|
|a MARS
|
| 999 |
f |
f |
|s 18b24170-88b4-364e-9ee7-da5c85850a48
|i 7deb78e1-684f-3c78-adfb-66da6c45a10a
|t 0
|
| 952 |
f |
f |
|p normal
|a Texas A&M University
|b College Station
|c Sterling C. Evans Library
|d Evans: Library Stacks
|t 0
|e PR1227 .U62 1987
|h Library of Congress classification
|i unmediated -- volume
|m A14812607700
|
| 998 |
f |
f |
|a PR1227 .U62 1987
|t 0
|l Evans: Library Stacks
|